| 000 | 01644nam a2200385 i 4500 | ||
|---|---|---|---|
| 003 | CL-SaCFP | ||
| 005 | 20260413172446.0 | ||
| 007 | ta | ||
| 008 | 250425s2025 amcach c 000 0 spa | ||
| 020 | _a9789567629756 | ||
| 040 | _cCL | ||
| 043 | _as-cl--- | ||
| 082 | 0 | 4 |
_a983.003 I61 2025 _221 |
| 245 | 0 | 0 |
_aInternet de papel : _bla enciclopedia chilena de la Biblioteca del Congreso Nacional 1948-1971 _kcatálogo _ccoordinadora: Macarena Ponce de León Atria. |
| 246 | 3 | 0 | _aLa enciclopedia chilena de la Biblioteca del Congreso Nacional 1948-1971 |
| 250 | _aPrimera edición 2025. | ||
| 264 | 1 |
_aSantiago de Chile : _bEdiciones Biblioteca del Congreso Nacional Chile, _c2025. |
|
| 264 | 3 |
_a[Chile] : _bFeyser etiquetas Spa., _c2025. |
|
| 264 | 4 | _cc2025 | |
| 300 |
_a112 páginas : _bilustraciones (algunas en color), retratos, facsímiles ; _c23 cm. |
||
| 336 |
_atexto _btxt _2rdacontent |
||
| 337 |
_ano mediado _bn _2rdamedia |
||
| 338 |
_avolumen _bnc _2rdacarrier |
||
| 500 | _aTexto a dos columnas. | ||
| 585 | _aExposición realizada en el edificio del la Sala Chile del Congreso Nacional en la sede de Santiago de Chile y en la sede de Valparaíso, entre diciembre de 2024 y junio de 2025. | ||
| 610 | 2 | 7 |
_aBiblioteca del Congreso Nacional (Chile) _xHistoria |
| 650 | 7 |
_aEnciclopedias y diccionarios españoles _zChile _vExposiciones |
|
| 650 | 7 |
_aBibliotecas _zChile _xHistoria _ySiglo 20 |
|
| 655 | 7 | _aEnciclopedias | |
| 655 | 7 | _aExposiciones | |
| 655 | 7 | _aCatálogos de exposiciones | |
| 700 | 1 |
_aPonce de León Atria, Macarena _ecoordinadora |
|
| 710 | 2 | _aBiblioteca del Congreso Nacional (Chile) | |
| 942 |
_2ddc _cMN |
||
| 999 |
_c16357 _d16357 |
||